| 000 | 00498nam a2200169Ia 4500 | ||
|---|---|---|---|
| 999 |
_c31359 _d31359 |
||
| 003 | OSt | ||
| 005 | 20211117124523.0 | ||
| 008 | 190216s9999||||xx |||||||||||||| ||und|| | ||
| 040 | _coclc | ||
| 082 |
_a515.7 _bLIM/F |
||
| 100 |
_aLimaye, Balmohan V _93734 |
||
| 245 | 0 |
_aFunctional Analysis / _cBalmohan V Limaye |
|
| 260 |
_bNew Age International Publishers, _c1996. _aNew Delhi: |
||
| 300 | _a612p | ||
| 650 | _aMathematics | ||
| 942 |
_cBK _2ddc _h515.7 _iLIM/F _k515.7 _mLIM/F |
||